Statistiques concernant Provinces de l'Empire romain dans sa plus grande extension (en 117)

Cliquez ici pour prendre le quiz!

Statistiques générales

  • Ce quiz a été pris 183 fois
  • Le résultat moyen est 20 sur 46

Statistiques - réponses

Ville importanteProvince% Correct
AlexandrieEgypte
82%
RomeItalie
75%
ReimsGaule belgique
74%
Camulodunum, LondresBretagne
73%
CagliariCorse et Sardaigne
67%
NarbonneGaule narbonnaise
67%
CologneGermanie inférieure
63%
MayenceGermanie supérieure
63%
SyracuseSicile
63%
ThessaloniqueMacédoine
60%
AntiocheSyrie
60%
Utique et CarthageAfrique proconsulaire
58%
LyonGaule lyonnaise
58%
CésaréeJudée
57%
PérintheThrace
53%
GortyneCrète et Cyrénaïque
51%
SaintesGaule aquitaine
51%
EphèseAsie
49%
Ulpia Traiana SarmizegetusaDacie
45%
CorintheAchaïe
42%
Petra et BosraArabie
42%
MéridaLusitanie
42%
CésaréeMaurétanie césarienne
40%
TangerMaurétanie tingitane
40%
PaphosChypre
38%
CordoueBétique (Hispanie Bétique)
35%
SaloneDalmatie
35%
NisibeMésopotamie
34%
BudapestPannonie inférieure
33%
CarnuntumPannonie supérieure
33%
CimiezAlpes maritimes
31%
CésaréeCappadoce
31%
Ulpia OescusMésie inférieure
30%
KostolacMésie supérieure
30%
ArtaxataArménie
29%
NiniveAssyrie
27%
AugsbourgRhétie
27%
Nicomédie et NicéeBithynie et Pont
25%
TarseCilicie
25%
NicopolisEpire
24%
TarragoneTarragonaise (Hispanie tarragonaise)
22%
AncyreGalatie
21%
VirunumNorique
19%
SuseAlpes cottiennes
18%
PatareLycie et Pamphylie
17%
MartignyAlpes pennines
16%

Distribution des résultats

Percentile par nombre de réponses

% des personnes avec chaque résultat

Votre développement - résultats

Vous n’avez pas pris ce quiz